القدرة التنافسية للاقتصاد المصرى فى ظل اتفاقية الجات : (رقم التسجيلة. 9495)

تفاصيل مارك
000 -LEADER
fixed length control field 014660000a22002770004500
003 - CONTROL NUMBER IDENTIFIER
control field EG-GICUC
005 - DATE AND TIME OF LATEST TRANSACTION
control field 20250223025257.0
008 - FIXED-LENGTH DATA ELEMENTS--GENERAL INFORMATION
fixed length control field 080519s2006 ua d f m 000 0 ara d
040 ## - CATALOGING SOURCE
Original cataloging agency EG-GICUC
Language of cataloging ara
Transcribing agency EG-GICUC
041 0# - LANGUAGE CODE
Language code of text/sound track or separate title ara
049 ## - LOCAL HOLDINGS (OCLC)
Holding library اهداء
097 ## - Thesis Degree
Thesis Level دكتوراه
099 ## - LOCAL FREE-TEXT CALL NUMBER (OCLC)
Classification number Cai01.05.06.Ph.D.2006.ام.ق
100 0# - MAIN ENTRY--PERSONAL NAME
Personal name امال ضيف بسيونى يوسف
245 12 - TITLE STATEMENT
Title القدرة التنافسية للاقتصاد المصرى فى ظل اتفاقية الجات :
Remainder of title دراسة تطبيقية على القطاع الصناعى مع التركيز على صناعة الغزل والنسيج /
Statement of responsibility, etc. آمال ضيف بسيونى يوسف ؛ اشراف محمود عبدالحى صلاح : فتحى ابوالفضل
246 15 - VARYING FORM OF TITLE
Title proper/short title The competitive ability of the Egyptian economy under the GATT agreement :
Remainder of title An applied study on the industry sector with emphasis on textiles and apparel industry
260 ## - PUBLICATION, DISTRIBUTION, ETC.
Place of publication, distribution, etc. بورسعيد :
Name of publisher, distributor, etc. آمال ضيف بسيونى يوسف :
Date of publication, distribution, etc. 2006
300 ## - PHYSICAL DESCRIPTION
Extent 485 : 198ص :
Other physical details رسوم بيانية ؛
Dimensions 25سم
502 ## - DISSERTATION NOTE
Dissertation note اطروحة (دكتوراه) - جامعة قناة السويس - كلية التجارة ببورسعيد - قسم الاقتصاد
700 0# - ADDED ENTRY--PERSONAL NAME
Personal name فتحى ابوالفضل :
Relator term
700 0# - ADDED ENTRY--PERSONAL NAME
Personal name محمود عبدالحى صلاح :
Relator term
856 ## - ELECTRONIC LOCATION AND ACCESS
Uniform Resource Identifier <a href="http://172.23.153.220/th.pdf">http://172.23.153.220/th.pdf</a>
905 ## - LOCAL DATA ELEMENT E, LDE (RLIN)
Cataloger Fatma
Reviser Cataloger
905 ## - LOCAL DATA ELEMENT E, LDE (RLIN)
Cataloger Nazla
Reviser Revisor
942 ## - ADDED ENTRY ELEMENTS (KOHA)
Source of classification or shelving scheme Dewey Decimal Classification
Koha item type Thesis
المقتنيات
Source of classification or shelving scheme Not for loan Home library Current library Date acquired Full call number Barcode Date last seen Koha item type
Dewey Decimal Classification   المكتبة المركزبة الجديدة - جامعة القاهرة قاعة الرسائل الجامعية - الدور الاول 11.02.2024 Cai01.05.06.Ph.D.2006.ام.ق 01010100013215000 22.09.2023 Thesis
Cairo University Libraries Portal Implemented & Customized by: Eng. M. Mohamady Contacts: new-lib@cl.cu.edu.eg | cnul@cl.cu.edu.eg
CUCL logo CNUL logo
© All rights reserved — Cairo University Libraries
CUCL logo
Implemented & Customized by: Eng. M. Mohamady Contact: new-lib@cl.cu.edu.eg © All rights reserved — New Central Library
CNUL logo
Implemented & Customized by: Eng. M. Mohamady Contact: cnul@cl.cu.edu.eg © All rights reserved — Cairo National University Library